[Event "SUI-ch U14"]
[Site "Winterthur"]
[Date "2007.10.07"]
[Round "4"]
[White "Reusser, Timo"]
[Black "De Seroux, Camille"]
[Result "1-0"]
[WhiteElo "1875"]
[BlackElo "1903"]
[PlyCount "151"]
[EventDate "2007.10.05"]
[EventType "swiss"]
[EventRounds "7"]
[EventCountry "SUI"]
[SourceTitle "EXT 2009"]
[Source "ChessBase"]
[SourceDate "2008.11.26"]
[SourceVersion "1"]
[SourceVersionDate "2008.11.26"]
[SourceQuality "1"]

1. d4 Nf6 2. c4 g6 3. Nc3 Bg7 4. e4 d6 5. f3 0-0 6. Be3 c5 7. d5 e6 8. Bd2 exd5 9. cxd5 Re8 10. Nge2 Nbd7 11. Ng3 a6 12. a4 Qa5 13. Ra3 h5 14. Be2 Ne5 15. 0-0 Nh7 16. Re1 Rb8 17. Nh1 Qd8 18. Nf2 g5 19. f4 gxf4 20. Bxf4 Qf6 21. Rb3 Qg6 22. Bxe5 Bxe5 23. Bxa6 Bd4 24. Bf1 Kh8 25. Qc2 Rg8 26. Ncd1 h4 27. Kh1 Ng5 28. Qe2 Bd7 29. Ra3 b5 30. axb5 Bxb5 31. Nd3 Rb7 32. Nf4 Qh6 33. Qc2 Bxf1 34. Rxf1 Qg7 35. Ra2 Qe5 36. Ne2 Nxe4 37. Nxd4 cxd4 38. Ra3 Ng5 39. Qc6 Qe2 40. Rg1 Nf3 41. Qxd6 Rg7 42. Rxf3 Re7 43. Qh6+ Kg8 44. Rf2 Qg4 45. d6 Re6 46. d7 Rxh6 47. d8Q+ Kh7 48. Qb8 Re6 49. Qf4 Qh5 50. Qxd4 h3 51. Qd3+ Reg6 52. g3 Qc5 53. Rgf1 Qc7 54. Qf3 Kg8 55. Ne3 Rc6 56. Nd5 Qd6 57. Qe4 Kf8 58. Nf6 Rc8 59. Re1 Rg6 60. Nh5 Qb6 61. Qe7+ Kg8 62. Qxf7+ Kh8 63. Qf3 Qd6 64. Nf4 Rf6 65. Ref1 Rb8 66. Qc3 Kg8 67. Nxh3 Rxf2 68. Nxf2 Rf8 69. Qc4+ Kh8 70. Qh4+ Kg8 71. Qg5+ Kh8 72. Kg1 Qd4 73. Qh6+ Kg8 74. Qg6+ Kh8 75. Qc2 Qf6 76. Qc3 1-0

[Event "SUI-ch U14"]
[Site "Winterthur"]
[Date "2007.10.07"]
[Round "5"]
[White "Rindlisbacher, Jan"]
[Black "Reusser, Timo"]
[Result "1-0"]
[WhiteElo "1946"]
[BlackElo "1875"]
[PlyCount "63"]
[EventDate "2007.10.05"]
[EventType "swiss"]
[EventRounds "7"]
[EventCountry "SUI"]
[SourceTitle "EXT 2009"]
[Source "ChessBase"]
[SourceDate "2008.11.26"]
[SourceVersion "1"]
[SourceVersionDate "2008.11.26"]
[SourceQuality "1"]

1. d4 Nf6 2. c4 g6 3. Nc3 Bg7 4. e4 d6 5. Nf3 0-0 6. g3 Nbd7 7. Bg2 e5 8. 0-0 a6 9. Re1 exd4 10. Nxd4 Ng4 11. f4 Ngf6 12. h3 Re8 13. Be3 Rb8 14. Bf2 c5 15. Nc2 Qc7 16. a4 Nb6 17. Ne3 Be6 18. Qd3 Rbd8 19. Ra2 Bd7 20. b3 Bc6 21. Bf3 Re7 22. Rae2 Rde8 23. Ned5 Nbxd5 24. cxd5 Bd7 25. g4 Kh8 26. Bh4 h6 27. e5 Ng8 28. Bxe7 Rxe7 29. Ne4 g5 30. Qe3 dxe5 31. d6 exf4 32. Qf2 1-0